00258nam a22000977a 4500008004100000020001600041100001900057245001700076260004100093300002600134231129b |||||||| |||| 00| 0 eng d aFIC 780 SIL aSilva, Daniel. aThe Defector aNew York :bG.P Putnam's Sons,c2009 a517 p: bill,c19 cm.